The Building Act 1984, Building (Amendment) Regulations 2012 (Record no. 113792)
[ view plain ]
| 000 -LEADER | |
|---|---|
| fixed length control field | 01483cad a22002175a 4500 |
| 001 - CONTROL NUMBER | |
| control field | L155749 |
| 008 - FIXED-LENGTH DATA ELEMENTS--GENERAL INFORMATION | |
| fixed length control field | 120413s2012 xxk 000 0 eng u |
| 020 ## - INTERNATIONAL STANDARD BOOK NUMBER | |
| International Standard Book Number | 9780117541153 |
| 035 ## - SYSTEM CONTROL NUMBER | |
| System control number | (Sirsi) u155749 |
| 041 0# - LANGUAGE CODE | |
| Language code of text/sound track or separate title | eng |
| 110 ## - MAIN ENTRY--CORPORATE NAME | |
| Corporate name or jurisdiction name as entry element | United Kingdom |
| Subordinate unit | Department for Communities and Local Government |
| 9 (RLIN) | 4939 |
| 245 #4 - TITLE STATEMENT | |
| Title | The Building Act 1984, Building (Amendment) Regulations 2012 |
| Medium | [electronic resource] |
| 260 ## - PUBLICATION, DISTRIBUTION, ETC. | |
| Place of publication, distribution, etc. | London |
| Name of publisher, distributor, etc. | DCLG |
| Date of publication, distribution, etc. | 2012 |
| 490 ## - SERIES STATEMENT | |
| Series statement | Circular |
| Volume/sequential designation | 01/2012 13 March 2012 |
| 520 ## - SUMMARY, ETC. | |
| Summary, etc. | The purpose of this Circular is to draw attention to the fact that the amendments apply in England and to excepted energy buildings in Wales; amend the name of the registration body Building Engineering Services Competence Accreditation Limited to Building Engineering Services Competence Assessment Limited wherever it appears in Schedule 3 to the Building Regulations 2010; remove the name of Benchmark Certification Limited in respect of a number of types of work in Schedule 3 to the Building Regulations 2010. The Building (Amendment) Regulations 2012 make minor amendments to the Building Regulations 2010 (SI 2010/2214), and should be read in conjunction with the Building Regulations 2010. |
| 651 #4 - SUBJECT ADDED ENTRY--GEOGRAPHIC NAME | |
| Geographic name | England and Wales |
| Chronological subdivision | 1543- |
| 690 ## - LOCAL SUBJECT ADDED ENTRY--TOPICAL TERM (OCLC, RLIN) | |
| Topical term or geographic name as entry element | Building regulations |
| 9 (RLIN) | 6224 |
| 690 ## - LOCAL SUBJECT ADDED ENTRY--TOPICAL TERM (OCLC, RLIN) | |
| Topical term or geographic name as entry element | Planning and development |
| 9 (RLIN) | 6259 |
| 856 ## - ELECTRONIC LOCATION AND ACCESS | |
| Uniform Resource Identifier | <a href="https://www.communities.gov.uk/documents/planningandbuilding/pdf/2105956.pdf">https://www.communities.gov.uk/documents/planningandbuilding/pdf/2105956.pdf</a> |
| Hours access method available | View the Circular at www.communities.gov.uk |
| 942 ## - ADDED ENTRY ELEMENTS (KOHA) | |
| Suppress in OPAC | 0 |
| Withdrawn status | Lost status | Source of classification or shelving scheme | Damaged status | Not for loan | Home library | Current library | Shelving location | Date acquired | Total Checkouts | Full call number | Barcode | Date last seen | Copy number | Price effective from | Koha item type |
|---|---|---|---|---|---|---|---|---|---|---|---|---|---|---|---|
| Dewey Decimal Classification | Virtual | Virtual | Online | 13/04/2012 | ONLINE PUBLICATION | 155749-2001 | 06/08/2019 | 1 | 06/08/2019 | Book |